Instantné = rýchle

Prieskum instantných potravín - ich spotreba, zloženie, druhy a obľúbenosť.

Salvato in:
Dettagli Bibliografici
Natura: Capitolo di libro
Lingua:slovacco
Soggetti:
Tags: Aggiungi Tag
Nessun Tag, puoi essere il primo ad aggiungerne!!

MARC

LEADER 00000naa a2200000 4500
001 r045389
005 20231002114513.6
041 0 |a slo 
044 |a SK 
245 1 0 |a Instantné = rýchle 
520 |a Prieskum instantných potravín - ich spotreba, zloženie, druhy a obľúbenosť. 
610 2 0 |a potraviny 
610 2 0 |a spotrebitelia 
610 2 0 |a prieskum dopytu 
610 2 0 |a prieskum spotrebiteľský